000 00694nam a22001817a 4500
999 _c20324
_d20324
008 240529b ||||| |||| 00| 0 eng d
020 _a9711911116X
082 _aDFil 321.809599
_bP53w 1997
245 _aState civil society :
_brelations in policy-making /
_cedited by Marlon A. Wui and Glenda S. Lopez.
260 _aQuezon City :
_bThird World Studies Center,
_c©1997.
300 _a299 pages :
_billustrations ;
_c25 cm.
440 _aPhilippine democracy agenda : volume 2.
_957366
500 _aIncludes index.
650 _aCivil society
_zPhilippines.
_957364
650 _aDemocracy
_zPhilippines.
_957365
700 _aLopez, Ma. Glenda S.
_eeditor.
_957329
942 _2ddc
_cDFIL